000 00572nam a22001817a 4500
999 _c18409
_d18409
003 AR-CdUCM
008 190513b ||||| |||| 00| 0 spa d
040 _aMUNICIPALIDAD PROVINCIAL DEL CUSCO
_cBIBLIOTECA MUNICIPAL DEL CUSCO
082 _a985.009 /
_bC94
100 _aCúnio-Vidal, Romulo
_938983
245 _aDiccionario histórico - biográfico del sur del Perú /
260 _aLima :
_bMorsom,
_c1978.
300 _a577 páginas ;
_c22 cm.
505 _aContenido : Diccionario
650 _aDiccionario
_95196
942 _2ddc
_cLIBROS
945 _arah
_d2019/05/13